Catálogo público

Modelo matemático para la evacuación del aire durante el llenado de tuberías abastecidas por gravedad / (Record no. 218755)

MARC details
000 -CABECERA
campo de control de longitud fija 03242nam a2200277 a 4500
003 - IDENTIFICADOR DEL NÚMERO DE CONTROL
campo de control OSt
005 - FECHA Y HORA DE LA ÚLTIMA TRANSACCIÓN
campo de control 20251111143338.0
007 - CAMPO FIJO DE DESCRIPCIÓN FÍSICA--INFORMACIÓN GENERAL
campo de control de longitud fija cr ||||||a|c|a
008 - DATOS DE LONGITUD FIJA--INFORMACIÓN GENERAL
campo de control de longitud fija 230516s2020 mx ad||fom||| 001 0 spa d
040 ## - FUENTE DE LA CATALOGACIÓN
Normas de descripción rda
100 1# - ENTRADA PRINCIPAL--NOMBRE DE PERSONA
9 (RLIN) 186993
Nombre de persona Quintana Molina, Emilio
245 10 - MENCIÓN DE TÍTULO
Título Modelo matemático para la evacuación del aire durante el llenado de tuberías abastecidas por gravedad /
Mención de responsabilidad, etc. por Emilio Quintana Molina; director de tesis Jorge Víctor Prado Hernández
264 #1 - PRODUCCIÓN, PUBLICACIÓN, DISTRIBUCIÓN, FABRICACIÓN Y COPYRIGHT
Producción, publicación, distribución, fabricación y copyright Chapingo, México :
Nombre del de productor, editor, distribuidor, fabricante El autor,
Fecha de producción, publicación, distribución, fabricación o copyright 2020.
300 ## - DESCRIPCIÓN FÍSICA
Extensión 1 recurso en línea (136 páginas):
Otras características físicas ilustraciones, cuadros, gráficas
336 ## - TIPO DE CONTENIDO
Fuente rdacontent
Término de tipo de contenido texto
Código de tipo de contenido txt
337 ## - TIPO DE MEDIO
Fuente rdamedia
Nombre/término del tipo de medio computadora
Código del tipo de medio c
338 ## - TIPO DE SOPORTE
Fuente rdacarrier
Nombre/término del tipo de soporte recurso en línea
Código del tipo de soporte cr
502 ## - NOTA DE TESIS
Tipo de título Ingeniería en Irrigación
Nombre de la institución que otorga el título Departamento de Irrigación,
Año de obtención del título 2020.
Información miscelánea Licenciatura
504 ## - NOTA DE BIBLIOGRAFÍA, ETC.
Nota de bibliografía, etc. Incluye referencias bibliográficas: páginas 121-125
520 ## - SUMARIO, ETC.
Sumario, etc. Los sistemas de conducción de agua por gravedad son frecuentes alrededor del mundo para transportar el agua de un lugar a otro sin el uso de energía externa adicional, aprovechando la diferencia de energía entre la elevación del agua en la fuente de abastecimiento y la del punto de entrega de la misma, empleando comúnmente tubería de diámetros menores a 50 mm en zonas rurales. De manera general, las tuberías siguen el perfil del terreno, atravesando zonas accidentadas que generan perfiles irregulares con secciones altas y bajas, en las cuales, tienden a formarse cuerpos de aire que generan grandes pérdidas de energía en el sistema, de modo que, el mismo no opera como fue diseñado. Es por ello que, el llenado de dichos sistemas representa una etapa crítica, dado que el propio flujo de agua por medio del caudal de remoción debe generar una fuerza de arrastre mediante un empuje hidrodinámico que tenga la capacidad de vencer la fuerza de flotación del aire atrapado y así evacuarlo del sistema en el caso que dicha zona no cuente con válvulas de aire, las existentes válvulas de aire no tengan la capacidad de expulsarlo bajo condiciones de flujo transitorio o simplemente por falla de las mismas. En la presente investigación, se estudia la remoción de aire atrapado en una tubería de 19.05 milímetros de diámetro, resaltando la importancia del estudio conjunto de la remoción incipiente de burbujas de aire por la acción de la turbulencia de un salto hidráulico aguas abajo de una bolsa de aire y la consecuente remoción de aire atrapado en la tubería mediante el caudal de remoción, determinando así un modelo matemático simple, el cual establece la velocidad mínima del agua para remover el aire fuera de la zona, en función del diámetro de tubería, aceleración de la gravedad y ángulo de inclinación del conducto. Se encontró buena relación funcional entre la velocidad de remoción y el ángulo de inclinación de la tubería, como lo han reportado diversos autores que estudian dicho fenómeno en condiciones específicas.
650 #4 - PUNTO DE ACCESO ADICIONAL DE MATERIA--TÉRMINO DE MATERIA
9 (RLIN) 2245
Término de materia o nombre geográfico como elemento de entrada Agua
Subdivisión general Abastecimiento
-- Ingeniería
650 #4 - PUNTO DE ACCESO ADICIONAL DE MATERIA--TÉRMINO DE MATERIA
9 (RLIN) 185440
Término de materia o nombre geográfico como elemento de entrada Flujo de aire
700 1# - PUNTO DE ACCESO ADICIONAL--NOMBRE DE PERSONA
9 (RLIN) 91267
Nombre de persona Prado Hernández, Jorge Víctor
Término indicativo de función/relación director.
856 ## - LOCALIZACIÓN Y ACCESO ELECTRÓNICOS
Identificador Uniforme del Recurso http://10.13.5.2/tesis/tl/Quintana_Malina_Emilio.pdf
Nota pública DESCARGAR PDF
942 ## - ELEMENTOS DE PUNTO DE ACCESO ADICIONAL (KOHA)
Fuente del sistema de clasificación o colocación Clasificación Universidad Autónoma Chapingo
Tipo de ítem Koha Tesis digital
Holdings
Estado de retiro Estado de pérdida Fuente del sistema de clasificación o colocación Estado dañado Restricciones de uso No para préstamo Código de colección Localización permanente Ubicación/localización actual Ubicación en estantería Fecha de adquisición Total de préstamos Signatura topográfica completa Fecha visto por última vez Precio válido a partir de Tipo de ítem Koha
    Clasificación Universidad Autónoma de Chapingo   Préstamo interno   Tesis digitales de Licenciatura Biblioteca Digital Biblioteca Digital En línea 16/05/2023   Tesis digital 16/05/2023 16/05/2023 Tesis digital